<?xml version="1.0" encoding="UTF-8"?>
<record
    xmlns:xsi="http://www.w3.org/2001/XMLSchema-instance"
    xsi:schemaLocation="http://www.loc.gov/MARC21/slim http://www.loc.gov/standards/marcxml/schema/MARC21slim.xsd"
    xmlns="http://www.loc.gov/MARC21/slim">

  <leader>00729nam a22001577a 4500</leader>
  <controlfield tag="003">OSt</controlfield>
  <controlfield tag="005">20151203144742.0</controlfield>
  <controlfield tag="008">151203b        xxu||||| |||| 00| 0 eng d</controlfield>
  <datafield tag="040" ind1=" " ind2=" ">
    <subfield code="c">RUA</subfield>
  </datafield>
  <datafield tag="082" ind1=" " ind2=" ">
    <subfield code="a">FIS LEA, 2009 B181 Or.1</subfield>
  </datafield>
  <datafield tag="100" ind1=" " ind2=" ">
    <subfield code="9">4221</subfield>
    <subfield code="a">LEANG,MENGHORNG.</subfield>
  </datafield>
  <datafield tag="245" ind1=" " ind2=" ">
    <subfield code="a">Effect of different stocking density on growth ang surval rate of post-larvae freswater prown(macrobrachium resenbregii), &#x17A5;&#x1791;&#x17D2;&#x1792;&#x17B7;&#x1796;&#x179B;&#x1793;&#x17C3;&#x178A;&#x1784;&#x17CB;&#x179F;&#x17CA;&#x17B8;&#x178F;&#x17C1;&#x1781;&#x17BB;&#x179F;&#x1782;&#x17D2;&#x1793;&#x17B6;&#x179B;&#x17BE;&#x1797;&#x17B6;&#x1796;&#x179B;&#x17BC;&#x178F;&#x179B;&#x17B6;&#x179F;&#x17CB; &#x1793;&#x17B7;&#x1784;&#x17A2;&#x178F;&#x17D2;&#x179A;&#x17B6;&#x179A;&#x179F;&#x17CB; &#x179A;&#x1794;&#x179F;&#x17CB;&#x1780;&#x17BB;&#x1793;&#x1794;&#x17D2;&#x1780;&#x1784;&#x1791;&#x17B9;&#x1780;&#x179F;&#x17B6;&#x1794;&#x1794;&#x17C6;&#x1794;&#x17C9;&#x1793;&#x1780;&#x17D2;&#x1793;&#x17BB;&#x1784;&#x17A0;&#x17B6;&#x1794;&#x17C9;&#x17B6;</subfield>
  </datafield>
  <datafield tag="260" ind1=" " ind2=" ">
    <subfield code="a">Phnom Penh</subfield>
    <subfield code="b">RUA</subfield>
    <subfield code="c">2009</subfield>
  </datafield>
  <datafield tag="300" ind1=" " ind2=" ">
    <subfield code="a">xi; 38p.</subfield>
    <subfield code="b">ill.</subfield>
    <subfield code="c">29cm.</subfield>
  </datafield>
  <datafield tag="942" ind1=" " ind2=" ">
    <subfield code="2">ddc</subfield>
    <subfield code="c">FIS</subfield>
  </datafield>
  <datafield tag="999" ind1=" " ind2=" ">
    <subfield code="c">3937</subfield>
    <subfield code="d">3937</subfield>
  </datafield>
  <datafield tag="952" ind1=" " ind2=" ">
    <subfield code="0">0</subfield>
    <subfield code="1">0</subfield>
    <subfield code="2">ddc</subfield>
    <subfield code="4">0</subfield>
    <subfield code="6">FIS_LEA_2009_000000000000000_B181_OR_1</subfield>
    <subfield code="7">0</subfield>
    <subfield code="9">19843</subfield>
    <subfield code="a">LBB</subfield>
    <subfield code="b">LBB</subfield>
    <subfield code="c">B181</subfield>
    <subfield code="d">2015-12-03</subfield>
    <subfield code="o">FIS LEA  2009 B181 Or.1</subfield>
    <subfield code="p">RUA037049</subfield>
    <subfield code="r">2015-12-03</subfield>
    <subfield code="w">2015-12-03</subfield>
    <subfield code="y">FIS</subfield>
  </datafield>
  <datafield tag="952" ind1=" " ind2=" ">
    <subfield code="0">0</subfield>
    <subfield code="1">0</subfield>
    <subfield code="2">ddc</subfield>
    <subfield code="4">0</subfield>
    <subfield code="6">FIS_LEA_2009_000000000000000_B181_OR_2</subfield>
    <subfield code="7">0</subfield>
    <subfield code="9">19844</subfield>
    <subfield code="a">LBB</subfield>
    <subfield code="b">LBB</subfield>
    <subfield code="c">B181</subfield>
    <subfield code="d">2015-12-03</subfield>
    <subfield code="o">FIS LEA 2009 B181 Or.2</subfield>
    <subfield code="p">RUA037131</subfield>
    <subfield code="r">2015-12-03</subfield>
    <subfield code="w">2015-12-03</subfield>
    <subfield code="y">FIS</subfield>
  </datafield>
  <datafield tag="952" ind1=" " ind2=" ">
    <subfield code="0">0</subfield>
    <subfield code="1">0</subfield>
    <subfield code="2">ddc</subfield>
    <subfield code="4">0</subfield>
    <subfield code="6">FIS_LEA_2009_000000000000000_B181_OR_3</subfield>
    <subfield code="7">0</subfield>
    <subfield code="9">19845</subfield>
    <subfield code="a">LBB</subfield>
    <subfield code="b">LBB</subfield>
    <subfield code="c">B181</subfield>
    <subfield code="d">2015-12-03</subfield>
    <subfield code="o">FIS LEA 2009 B181 Or.3</subfield>
    <subfield code="p">RUA036933</subfield>
    <subfield code="r">2015-12-03</subfield>
    <subfield code="w">2015-12-03</subfield>
    <subfield code="y">FIS</subfield>
  </datafield>
  <datafield tag="952" ind1=" " ind2=" ">
    <subfield code="0">0</subfield>
    <subfield code="1">0</subfield>
    <subfield code="2">ddc</subfield>
    <subfield code="4">0</subfield>
    <subfield code="6">FIS_LEA_2009_000000000000000_B181_OR_4</subfield>
    <subfield code="7">0</subfield>
    <subfield code="9">19846</subfield>
    <subfield code="a">LBB</subfield>
    <subfield code="b">LBB</subfield>
    <subfield code="c">B181</subfield>
    <subfield code="d">2015-12-03</subfield>
    <subfield code="o">FIS LEA 2009 B181 Or.4</subfield>
    <subfield code="p">RUA037085</subfield>
    <subfield code="r">2015-12-03</subfield>
    <subfield code="w">2015-12-03</subfield>
    <subfield code="y">FIS</subfield>
  </datafield>
  <datafield tag="952" ind1=" " ind2=" ">
    <subfield code="0">0</subfield>
    <subfield code="1">0</subfield>
    <subfield code="2">ddc</subfield>
    <subfield code="4">0</subfield>
    <subfield code="6">FIS_LEA_2009_000000000000000_B181_OR_5</subfield>
    <subfield code="7">0</subfield>
    <subfield code="9">19847</subfield>
    <subfield code="a">LBB</subfield>
    <subfield code="b">LBB</subfield>
    <subfield code="c">B181</subfield>
    <subfield code="d">2015-12-03</subfield>
    <subfield code="l">1</subfield>
    <subfield code="o">FIS LEA 2009 B181 Or.5</subfield>
    <subfield code="p">RUA036799</subfield>
    <subfield code="r">2017-02-18</subfield>
    <subfield code="s">2017-02-17</subfield>
    <subfield code="w">2015-12-03</subfield>
    <subfield code="y">FIS</subfield>
  </datafield>
  <datafield tag="952" ind1=" " ind2=" ">
    <subfield code="0">0</subfield>
    <subfield code="1">0</subfield>
    <subfield code="2">ddc</subfield>
    <subfield code="4">0</subfield>
    <subfield code="6">FIS_LEA_2009_000000000000000_B181_OR_6</subfield>
    <subfield code="7">0</subfield>
    <subfield code="9">19848</subfield>
    <subfield code="a">LBB</subfield>
    <subfield code="b">LBB</subfield>
    <subfield code="c">B181</subfield>
    <subfield code="d">2015-12-03</subfield>
    <subfield code="o">FIS LEA 2009 B181 Or.6</subfield>
    <subfield code="p">RUA037026</subfield>
    <subfield code="r">2015-12-03</subfield>
    <subfield code="w">2015-12-03</subfield>
    <subfield code="y">FIS</subfield>
  </datafield>
  <datafield tag="952" ind1=" " ind2=" ">
    <subfield code="0">0</subfield>
    <subfield code="1">0</subfield>
    <subfield code="2">ddc</subfield>
    <subfield code="4">0</subfield>
    <subfield code="6">FIS_LEA_2009_000000000000000_B181_OR_7</subfield>
    <subfield code="7">0</subfield>
    <subfield code="9">19849</subfield>
    <subfield code="a">LBB</subfield>
    <subfield code="b">LBB</subfield>
    <subfield code="c">B181</subfield>
    <subfield code="d">2015-12-03</subfield>
    <subfield code="o">FIS LEA 2009 B181 Or.7</subfield>
    <subfield code="p">RUA037029</subfield>
    <subfield code="r">2015-12-03</subfield>
    <subfield code="w">2015-12-03</subfield>
    <subfield code="y">FIS</subfield>
  </datafield>
  <datafield tag="952" ind1=" " ind2=" ">
    <subfield code="0">0</subfield>
    <subfield code="1">0</subfield>
    <subfield code="2">ddc</subfield>
    <subfield code="4">0</subfield>
    <subfield code="6">FIS_LEA_2009_000000000000000_B181_OR_8</subfield>
    <subfield code="7">0</subfield>
    <subfield code="9">19850</subfield>
    <subfield code="a">LBB</subfield>
    <subfield code="b">LBB</subfield>
    <subfield code="c">B181</subfield>
    <subfield code="d">2015-12-03</subfield>
    <subfield code="l">1</subfield>
    <subfield code="o">FIS LEA 2009 B181 Or.8</subfield>
    <subfield code="p">RUA037490</subfield>
    <subfield code="r">2025-02-07</subfield>
    <subfield code="s">2024-12-24</subfield>
    <subfield code="w">2015-12-03</subfield>
    <subfield code="y">FIS</subfield>
  </datafield>
  <datafield tag="952" ind1=" " ind2=" ">
    <subfield code="0">0</subfield>
    <subfield code="1">0</subfield>
    <subfield code="2">ddc</subfield>
    <subfield code="4">0</subfield>
    <subfield code="6">FIS_LEA_2009_000000000000000_B181_OR_9</subfield>
    <subfield code="7">0</subfield>
    <subfield code="9">19851</subfield>
    <subfield code="a">LBB</subfield>
    <subfield code="b">LBB</subfield>
    <subfield code="c">B181</subfield>
    <subfield code="d">2015-12-03</subfield>
    <subfield code="l">1</subfield>
    <subfield code="o">FIS LEA 2009 B181 Or.9</subfield>
    <subfield code="p">RUA037550</subfield>
    <subfield code="r">2018-11-12</subfield>
    <subfield code="s">2018-10-03</subfield>
    <subfield code="w">2015-12-03</subfield>
    <subfield code="y">FIS</subfield>
  </datafield>
</record>
